|
|
|
|
| LEADER |
00000nam a2200000 4500 |
| 008 |
160727b2016 cr ||||| |||| 00| | spa d |
| 999 |
|
|
|c 3289
|d 3289
|
| 090 |
|
|
|a 18.08.01
|b 2354
|
| 100 |
|
|
|a Espeleta Sibaja, Annia
|9 1906
|
| 245 |
|
|
|a Estrategias y técnicas didácticas en educación matemática /
|c Annia Espeleta Sibaja, Ana Victoria Fonseca Rodríguez, Wendy Zamora Monge
|
| 246 |
|
|
|a Estrategias metodológicas para la enseñanza de la matemática
|
| 260 |
|
|
|a [San José, Costa Rica] :
|b INIE,
|c 2016
|
| 300 |
|
|
|a 189 páginas
|
| 500 |
|
|
|a Informe final proyecto de investigación 724-B4-329
|
| 650 |
1 |
4 |
|9 482
|a MATEMÁTICAS
|
| 650 |
1 |
4 |
|9 812
|a ESTRATEGIAS EDUCATIVAS
|
| 650 |
1 |
4 |
|9 1
|a EDUCACIÓN
|
| 650 |
1 |
4 |
|9 342
|a CURRÍCULO (EDUCACIÓN)
|
| 650 |
1 |
4 |
|9 14
|a ENSEÑANZA
|
| 650 |
1 |
4 |
|9 824
|a MÉTODOS PEDAGÓGICOS
|
| 700 |
1 |
|
|9 1907
|a Fonseca Rodríguez, Ana Victoria
|
| 700 |
1 |
|
|9 1908
|a Zamora Monge, Wendy
|
| 942 |
|
|
|i 004207
|h 18.08.01 2354
|2 z
|c 04
|